[Event "POL-chT 2nd League"]
[Site "Lublin"]
[Date "2006.09.07"]
[Round "6.5"]
[White "Matyszkiewicz, Marcin"]
[Black "Pacuszka, Tomasz"]
[Result "0-1"]
[WhiteElo "2109"]
[BlackElo "2329"]
[PlyCount "72"]
[EventDate "2006.09.02"]
[EventType "team-swiss"]
[EventRounds "9"]
[EventCountry "POL"]
[SourceTitle "EXT 2019"]
[Source "ChessBase"]
[SourceDate "2018.10.10"]
[SourceVersion "1"]
[SourceVersionDate "2018.10.10"]
[SourceQuality "1"]
[WhiteTeam "Szopienice HetMaN II"]
[BlackTeam "Grudziadz Rotmistrz MAT Premium"]
[WhiteTeamCountry "POL"]
[BlackTeamCountry "POL"]

1. d4 c5 2. d5 e5 3. e4 d6 4. Nc3 Be7 5. Bd3 Nf6 6. Nge2 0-0 7. h3 Ne8 8. g4 a6 9. a4 Bd7 10. Be3 g6 11. Qd2 Ng7 12. Ng3 Kh8 13. Bh6 Bh4 14. Nce2 Qe7 15. a5 Be8 16. 0-0-0 Nd7 17. Rdg1 Rg8 18. Rg2 c4 19. Bxc4 Rc8 20. Bd3 Nc5 21. Kb1 Bb5 22. Bxb5 axb5 23. f4 exf4 24. Qxf4 Bf6 25. Rf1 Be5 26. Qxf7 Qd8 27. Bd2 Nd7 28. Qf3 Qc7 29. Qd3 Nc5 30. Qe3 Na4 31. c3 Qxa5 32. Nd4 Nb6 33. Nb3 Qa6 34. Kc2 Nc4 35. Qd3 Qa2 36. Rb1 Na3+ 0-1

[Event "POL-chT3"]
[Site "Poland"]
[Date "2002.??.??"]
[Round "?"]
[White "Matyszkiewicz, Marcin"]
[Black "Rzepka, Krzysztof"]
[Result "0-1"]
[WhiteElo "2086"]
[BlackElo "2197"]
[PlyCount "73"]
[EventDate "2002.??.??"]
[EventType "team"]
[EventRounds "9"]
[EventCountry "POL"]
[SourceTitle "EXT 2006"]
[Source "ChessBase"]
[SourceDate "2005.11.24"]
[SourceVersion "1"]
[SourceVersionDate "2005.11.24"]
[SourceQuality "1"]

1. d4 Nf6 2. Nc3 d5 3. Bg5 Bf5 4. f3 h6 5. Bh4 c6 6. Qd2 Qa5 7. g4 Bg6 8. Nh3 Nbd7 9. Bg3 Nb6 10. e3 e6 11. Nf4 Bh7 12. h4 Bb4 13. a3 Nc4 14. Bxc4 dxc4 15. Kf2 Bxc3 16. bxc3 0-0-0 17. Qe2 Qxc3 18. Kg2 Qxc2 19. Rhc1 Qxe2+ 20. Nxe2 b5 21. a4 Kb7 22. e4 a6 23. Rab1 Nxe4 24. fxe4 Bxe4+ 25. Kf2 Bxb1 26. Rxb1 f6 27. a5 Rhe8 28. Ke3 e5 29. dxe5 Rd3+ 30. Ke4 fxe5 31. Rf1 Re7 32. Rf5 Rd5 33. Be1 Red7 34. Bc3 c5 35. Bxe5 b4 36. Nf4 Rd1 37. Ne6 0-1

[Event "POL-chT3"]
[Site "Poland"]
[Date "2002.??.??"]
[Round "?"]
[White "Matyszkiewicz, Marcin"]
[Black "Szopa, Andrzej"]
[Result "1-0"]
[WhiteElo "2086"]
[BlackElo "2064"]
[PlyCount "101"]
[EventDate "2002.??.??"]
[EventType "team"]
[EventRounds "9"]
[EventCountry "POL"]
[SourceTitle "EXT 2006"]
[Source "ChessBase"]
[SourceDate "2005.11.24"]
[SourceVersion "1"]
[SourceVersionDate "2005.11.24"]
[SourceQuality "1"]

1. d4 Nf6 2. Nc3 d5 3. Bg5 e6 4. e4 dxe4 5. Nxe4 Nbd7 6. Bd3 Be7 7. Bxf6 Nxf6 8. Nf3 0-0 9. Nxf6+ Bxf6 10. Qe2 c6 11. 0-0-0 Qa5 12. Kb1 c5 13. h4 g6 14. h5 cxd4 15. hxg6 fxg6 16. Bc4 Qb6 17. Qd2 Qc7 18. Qd3 Rd8 19. Rh3 Re8 20. Rdh1 Re7 21. Rxh7 Rxh7 22. Qxg6+ Qg7 23. Qe8+ Qf8 24. Qxf8+ Kxf8 25. Rxh7 Bg7 26. Ng5 e5 27. Be6 Bxe6 28. Nxe6+ Kf7 29. Nxg7 Kg6 30. Rh5 Kxg7 31. Rxe5 Kf6 32. f4 Rg8 33. Rg5 Re8 34. Kc1 Re2 35. a4 Rf2 36. g3 Rg2 37. a5 a6 38. b4 Kf7 39. g4 Kf6 40. Rd5 Rxg4 41. Rxd4 Kf5 42. Rd7 Rg1+ 43. Kb2 Kxf4 44. Rxb7 Ke3 45. Rb6 Rg4 46. Kb3 Rg3 47. Rxa6 Kd4+ 48. Ka4 Rc3 49. Rd6+ Kc4 50. Rd2 Rh3 51. a6 1-0

[Event "POL-chT3"]
[Site "Poland"]
[Date "2002.??.??"]
[Round "?"]
[White "Swiatloch, Tomasz"]
[Black "Matyszkiewicz, Marcin"]
[Result "1-0"]
[WhiteElo "2111"]
[BlackElo "2086"]
[PlyCount "61"]
[EventDate "2002.??.??"]
[EventType "team"]
[EventRounds "9"]
[EventCountry "POL"]
[SourceTitle "EXT 2006"]
[Source "ChessBase"]
[SourceDate "2005.11.24"]
[SourceVersion "1"]
[SourceVersionDate "2005.11.24"]
[SourceQuality "1"]

1. e4 c5 2. Nf3 d6 3. d4 cxd4 4. Nxd4 Nf6 5. Nc3 a6 6. Bg5 e6 7. f4 Nbd7 8. Qd3 Qc7 9. 0-0-0 b5 10. a3 Bb7 11. Qe3 Rc8 12. Bd3 Qc5 13. Rhe1 b4 14. axb4 Qxb4 15. Bxf6 gxf6 16. Be2 Nc5 17. Bh5 Bg7 18. Nf5 0-0 19. Ne7+ Kh8 20. Nxc8 Rxc8 21. Rd4 Qa5 22. Kb1 f5 23. exf5 e5 24. fxe5 dxe5 25. Rg4 e4 26. Bxf7 Nd7 27. Be6 Ne5 28. Rxg7 Kxg7 29. Qg5+ Kf8 30. Qg8+ Ke7 31. Bxc8 1-0

[Event "POL-chT Region"]
[Site "Poland"]
[Date "1999.??.??"]
[Round "?"]
[White "Szopa, Andrzej"]
[Black "Matyszkiewicz, Marcin"]
[Result "0-1"]
[WhiteElo "2056"]
[BlackElo "2105"]
[PlyCount "78"]
[EventDate "1999.??.??"]
[EventType "team"]
[EventRounds "13"]
[EventCountry "POL"]
[SourceTitle "EXT 2002"]
[Source "ChessBase"]
[SourceDate "2001.11.25"]
[SourceVersion "1"]
[SourceVersionDate "2001.11.25"]
[SourceQuality "1"]

1. d4 Nf6 2. Nf3 c5 3. c3 b6 4. Bf4 Bb7 5. e3 d6 6. Nbd2 Nh5 7. Bg3 Nxg3 8. hxg3 g6 9. Bc4 Bg7 10. Qb3 e6 11. 0-0-0 Nd7 12. Kb1 d5 13. Be2 c4 14. Qc2 b5 15. e4 a5 16. e5 Nb6 17. Nh4 b4 18. f4 Bc6 19. g4 bxc3 20. Qxc3 Na4 21. Qc2 Rb8 22. b3 Qb6 23. Nhf3 0-0 24. f5 Rfe8 25. fxg6 hxg6 26. Ka1 cxb3 27. Nxb3 Bb5 28. Qd2 Bxe2 29. Qxe2 Nc3 30. Qd2 Nxd1 31. Rxd1 Bf8 32. Ng5 Qb4 33. Qxb4 Bxb4 34. Rh1 Bc3+ 35. Kb1 Bxd4 36. Rf1 a4 37. Nxf7 Rf8 38. Nh6+ Kg7 39. Rxf8 Kxf8 0-1

[Event "Ustrzyki Dolne op"]
[Site "Ustrzyki Dolne"]
[Date "1996.??.??"]
[Round "6"]
[White "Bukowska, Katarzyna"]
[Black "Matyszkiewicz, Marcin"]
[Result "0-1"]
[WhiteElo "2050"]
[BlackElo "2150"]
[PlyCount "122"]
[EventDate "1996.??.??"]
[EventType "swiss"]
[EventRounds "9"]
[EventCountry "POL"]
[SourceTitle "EXT 2006"]
[Source "ChessBase"]
[SourceDate "2005.11.24"]
[SourceVersion "1"]
[SourceVersionDate "2005.11.24"]
[SourceQuality "1"]

1. e4 d5 2. exd5 Nf6 3. Nc3 Nxd5 4. Bc4 e6 5. d4 Be7 6. Nf3 0-0 7. 0-0 b6 8. Nxd5 exd5 9. Bd3 Bg4 10. Bf4 Nd7 11. c3 h6 12. Re1 Nf6 13. Qd2 Bxf3 14. gxf3 Nh7 15. Bxh7+ Kxh7 16. Kh1 Bd6 17. Be5 Re8 18. Qf4 Bxe5 19. Rxe5 Rxe5 20. Qxe5 Qd7 21. Re1 f6 22. Qe6 Rd8 23. Qe7 a5 24. Kg2 c5 25. Qxd7 Rxd7 26. Re6 cxd4 27. cxd4 Rc7 28. Rxb6 Rc2 29. Rb5 a4 30. a3 Rd2 31. Rxd5 Rxb2 32. Ra5 Rb3 33. Rxa4 Rd3 34. f4 Kg6 35. f3 h5 36. h4 Kf5 37. Kg3 Kg6 38. Kf2 Rd2+ 39. Ke3 Rh2 40. d5 Kf5 41. d6 Ke6 42. Rd4 Kd7 43. f5 Rc2 44. f4 Rh2 45. Ke4 Rxh4 46. Kd5 Rh1 47. Kc5 h4 48. Kb5 h3 49. Rd2 Rg1 50. Rh2 Rg3 51. a4 Kxd6 52. Kb6 Rb3+ 53. Ka6 Kd5 54. Re2 Rg3 55. Rh2 Ke4 56. a5 Kxf4 57. Kb7 Ra3 58. a6 Kg3 59. Rb2 h2 60. Rb1 Ra2 61. a7 Kg2 0-1

[Event "Litomysl op"]
[Site "Litomysl"]
[Date "1996.??.??"]
[Round "6"]
[White "Matyszkiewicz, Marcin"]
[Black "Jirovsky, Pavel"]
[Result "1/2-1/2"]
[WhiteElo "2145"]
[BlackElo "2325"]
[PlyCount "97"]
[EventDate "1996.??.??"]
[EventType "swiss"]
[EventRounds "7"]
[EventCountry "CZE"]
[SourceTitle "EXT 1998"]
[Source "ChessBase"]
[SourceDate "1997.11.17"]
[SourceVersion "1"]
[SourceVersionDate "1997.11.17"]
[SourceQuality "1"]

1. e4 c5 2. Nf3 d6 3. d4 cxd4 4. Nxd4 Nf6 5. Nc3 g6 6. Be2 Bg7 7. Be3 0-0 8. h4 h5 9. Qd2 Nc6 10. 0-0-0 Nxd4 11. Bxd4 Be6 12. Kb1 a6 13. f4 b5 14. f5 Bc4 15. Bf3 b4 16. Nd5 Bxd5 17. exd5 a5 18. fxg6 fxg6 19. Rhe1 Nh7 20. Re6 Bxd4 21. Qxd4 Rf6 22. Qe4 Kf7 23. Bxh5 Nf8 24. Rxf6+ exf6 25. Bf3 f5 26. Qf4 Qf6 27. g4 fxg4 28. Qxg4 Re8 29. h5 g5 30. Bg2 Re5 31. b3 Rf5 32. Qc4 Rf2 33. Be4 g4 34. Bg6+ Nxg6 35. hxg6+ Qxg6 36. Qc7+ Kg8 37. Rg1 g3 38. Qc8+ Kg7 39. Qd7+ Kg8 40. Qc8+ Kg7 41. Rh1 Rf8 42. Qd7+ Kg8 43. Rg1 Rf2 44. Qe6+ Qxe6 45. Rxg3+ Kf7 46. dxe6+ Kxe6 47. Kb2 Rf5 48. Rg8 Rf4 49. Ra8 1/2-1/2

[Event "Litomysl op"]
[Site "Litomysl"]
[Date "1996.??.??"]
[Round "4"]
[White "Matyszkiewicz, Marcin"]
[Black "Krivoshey, Sergei"]
[Result "0-1"]
[WhiteElo "2145"]
[BlackElo "2425"]
[PlyCount "68"]
[EventDate "1996.??.??"]
[EventType "swiss"]
[EventRounds "7"]
[EventCountry "CZE"]
[SourceTitle "EXT 1998"]
[Source "ChessBase"]
[SourceDate "1997.11.17"]
[SourceVersion "1"]
[SourceVersionDate "1997.11.17"]
[SourceQuality "1"]

1. e4 d5 2. exd5 Nf6 3. Nc3 Nxd5 4. Bc4 c6 5. d4 Bf5 6. Bg5 h6 7. Bh4 Nxc3 8. bxc3 Qa5 9. Ne2 e6 10. 0-0 Nd7 11. Re1 Bd6 12. Rb1 Nb6 13. Bb3 0-0 14. Ng3 Bg6 15. Ne4 Bxe4 16. Rxe4 Qf5 17. Qe1 Rfe8 18. c4 c5 19. c3 Rac8 20. Qe2 cxd4 21. cxd4 Nxc4 22. g4 Qd5 23. Bg3 b5 24. Rc1 Bf8 25. a4 Ne3 26. Rxc8 Qxe4 27. Qxe3 Qxe3 28. fxe3 Rxc8 29. axb5 Rc3 30. Ba4 Rc4 31. Bb3 Rb4 32. Bc2 Rxb5 33. Be4 a5 34. Kf2 a4 0-1

[Event "POL-chT disctrict"]
[Site "Slask"]
[Date "1996.??.??"]
[Round "?"]
[White "Rejnat, Aleksander"]
[Black "Matyszkiewicz, Marcin"]
[Result "0-1"]
[WhiteElo "2075"]
[BlackElo "2150"]
[PlyCount "54"]
[EventDate "1996.??.??"]
[EventType "team"]
[EventRounds "12"]
[EventCountry "POL"]
[SourceTitle "EXT 2001"]
[Source "ChessBase"]
[SourceDate "2000.11.22"]
[SourceVersion "1"]
[SourceVersionDate "2000.11.22"]
[SourceQuality "1"]

1. e4 d5 2. Nc3 dxe4 3. Nxe4 e5 4. Bc4 Nc6 5. d3 Be7 6. Ne2 f5 7. N4c3 Nf6 8. h3 Na5 9. Bb3 Nxb3 10. axb3 Bd7 11. Ng3 0-0 12. Qf3 e4 13. dxe4 fxe4 14. Qe2 Bc6 15. Be3 Qe8 16. 0-0 Qg6 17. b4 Bd6 18. b5 Bd7 19. Qc4+ Kh8 20. Bc5 e3 21. Bxd6 exf2+ 22. Rxf2 cxd6 23. Qf4 Ng8 24. Qe3 Rxf2 25. Qxf2 h5 26. Ra4 a6 27. Rh4 Nf6 0-1

[Event "POL-chT reg"]
[Site "Poland"]
[Date "1995.??.??"]
[Round "?"]
[White "Ciesielski, Janusz"]
[Black "Matyszkiewicz, Marcin"]
[Result "1-0"]
[WhiteElo "2130"]
[BlackElo "2135"]
[PlyCount "107"]
[EventDate "1995.??.??"]
[EventType "team"]
[EventRounds "11"]
[EventCountry "POL"]
[SourceTitle "EXT 2001"]
[Source "ChessBase"]
[SourceDate "2000.11.22"]
[SourceVersion "1"]
[SourceVersionDate "2000.11.22"]
[SourceQuality "1"]

1. e4 c5 2. Nf3 e6 3. d4 cxd4 4. Nxd4 a6 5. Bd3 Qc7 6. 0-0 Nc6 7. Nxc6 dxc6 8. Be3 c5 9. Nd2 Nf6 10. f4 Bd7 11. c4 e5 12. fxe5 Ng4 13. Bf4 Nxe5 14. Qh5 Bd6 15. Bxe5 Bxe5 16. Qxf7+ Kd8 17. Nf3 Bf6 18. e5 Bxe5 19. Nxe5 Qxe5 20. Bf5 Bxf5 21. Qxb7 Qd4+ 22. Kh1 Be4 23. Qb6+ Kc8 24. Qe6+ Kb8 25. Rad1 Qe3 26. Qd6+ Ka7 27. Qe7+ Kb8 28. Qe5+ Kc8 29. Qxg7 Bxg2+ 30. Kxg2 Qe4+ 31. Kg1 Qg6+ 32. Qxg6 hxg6 33. Rd5 Ra7 34. Rxc5+ Kb8 35. Rc6 Rah7 36. Rf2 Rh4 37. Rxa6 Rg4+ 38. Kf1 Rd8 39. b3 Kb7 40. Re6 Rd7 41. Rff6 g5 42. c5 Kc7 43. Rc6+ Kb7 44. Rcd6 Rh7 45. Rf2 Rc7 46. Rb6+ Ka7 47. b4 Rd7 48. Rf3 Rf4 49. Rxf4 gxf4 50. Rf6 Rd1+ 51. Ke2 Ra1 52. Kf3 Rxa2 53. h4 Rc2 54. Rxf4 1-0

[Event "POL-chT reg"]
[Site "Poland"]
[Date "1995.??.??"]
[Round "?"]
[White "Matyszkiewicz, Marcin"]
[Black "Czarnota, Waldemar"]
[Result "1/2-1/2"]
[WhiteElo "2135"]
[BlackElo "2230"]
[PlyCount "119"]
[EventDate "1995.??.??"]
[EventType "team"]
[EventRounds "11"]
[EventCountry "POL"]
[SourceTitle "EXT 2001"]
[Source "ChessBase"]
[SourceDate "2000.11.22"]
[SourceVersion "1"]
[SourceVersionDate "2000.11.22"]
[SourceQuality "1"]

1. e4 c5 2. Nf3 e6 3. d4 cxd4 4. Nxd4 a6 5. Nc3 Nc6 6. Be3 Qc7 7. Be2 Bb4 8. Nxc6 Bxc3+ 9. bxc3 dxc6 10. Qd4 e5 11. Qb4 Nf6 12. Bb6 a5 13. Bxc7 axb4 14. cxb4 Nxe4 15. Bd3 Nf6 16. Bxe5 0-0 17. Bxf6 Re8+ 18. Kd2 gxf6 19. Rhe1 Rxe1 20. Kxe1 Ra3 21. Kd2 Be6 22. c4 h5 23. Kc2 h4 24. Be2 Kf8 25. Kb2 Ra4 26. a3 Ke7 27. Rd1 Ra8 28. Rd4 Rg8 29. Bf3 h3 30. g3 Rg5 31. Bh1 Re5 32. Re4 Rxe4 33. Bxe4 Bxc4 34. Kc3 Bf1 35. Kd4 Kd6 36. Bf5 b6 37. a4 c5+ 38. bxc5+ bxc5+ 39. Kc3 Ke5 40. Bc8 Kd6 41. a5 Kc6 42. f4 Kb5 43. a6 Kb6 44. Kd2 Bxa6 45. Bxh3 Kc6 46. Bf5 Kd6 47. h4 Bc4 48. Ke3 Ke7 49. Bd3 Be6 50. Kd2 f5 51. Kc3 Kf6 52. Bc4 Bd7 53. Bd5 Bb5 54. h5 Be2 55. h6 Kg6 56. h7 Kxh7 57. Bxf7 Kh6 58. Be6 Kg6 59. Bd7 Kf6 60. Bc8 1/2-1/2

[Event "Karvina op"]
[Site "Karvina"]
[Date "1994.??.??"]
[Round "?"]
[White "Firt, Stanislav"]
[Black "Matyszkiewicz, Marcin"]
[Result "0-1"]
[WhiteElo "2380"]
[BlackElo "2070"]
[PlyCount "84"]
[EventDate "1994.??.??"]
[EventType "swiss"]
[EventRounds "9"]
[EventCountry "CZE"]
[SourceTitle "EXT 2004"]
[Source "ChessBase"]
[SourceDate "2003.11.25"]
[SourceVersion "1"]
[SourceVersionDate "2003.11.25"]
[SourceQuality "1"]

1. e4 c5 2. Nf3 Nc6 3. d4 cxd4 4. Nxd4 e5 5. Nb5 a6 6. Nd6+ Bxd6 7. Qxd6 Qf6 8. Qd1 Qg6 9. Nc3 d5 10. Nxd5 Qxe4+ 11. Be3 Nd4 12. Nc7+ Ke7 13. Qd3 Nxc2+ 14. Kd2 Bf5 15. Nxa8 Nxa1 16. Bc5+ Kf6 17. Qd6+ Kg5 18. Be3+ Kh4 19. g3+ Kh5 20. Be2+ Bg4 21. Bxg4+ Kxg4 22. h3+ Kf3 23. Rxa1 Nf6 24. Nb6 Qxe3+ 25. fxe3 Ne4+ 26. Kc2 Nxd6 27. Rd1 Nf5 28. Rd7 Nxe3+ 29. Kb3 f5 30. Rxg7 Rd8 31. Nd7 e4 32. a4 Nf1 33. Ne5+ Kf2 34. g4 f4 35. g5 e3 36. Ng4+ Kf3 37. Ne5+ Kg2 38. g6 h5 39. Rd7 Rxd7 40. Nxd7 e2 41. g7 e1Q 42. g8Q+ Qg3+ 0-1

[Event "Karvina op"]
[Site "Karvina"]
[Date "1994.??.??"]
[Round "?"]
[White "Socko, Bartosz"]
[Black "Matyszkiewicz, Marcin"]
[Result "1-0"]
[WhiteElo "2335"]
[BlackElo "2070"]
[PlyCount "97"]
[EventDate "1994.??.??"]
[EventType "swiss"]
[EventRounds "9"]
[EventCountry "CZE"]
[SourceTitle "EXT 2004"]
[Source "ChessBase"]
[SourceDate "2003.11.25"]
[SourceVersion "1"]
[SourceVersionDate "2003.11.25"]
[SourceQuality "1"]

1. e4 c5 2. Nf3 Nc6 3. d4 cxd4 4. Nxd4 e5 5. Nb5 a6 6. Nd6+ Bxd6 7. Qxd6 Qf6 8. Qd1 Qg6 9. Nc3 d5 10. Nxd5 Qxe4+ 11. Be3 Nd4 12. Nc7+ Ke7 13. Qd3 Nxc2+ 14. Kd2 Qxd3+ 15. Bxd3 Nxe3 16. Nxa8 Nd5 17. Rhc1 Ngf6 18. Nc7 Nb6 19. a4 Bd7 20. a5 Nc8 21. Na8 Rd8 22. Ke1 e4 23. Bf1 Nd5 24. Ra3 Bf5 25. Rb3 Nd6 26. Nb6 Nf4 27. f3 Kf6 28. Rd1 exf3 29. Rxf3 Re8+ 30. Kf2 Ne4+ 31. Kg1 Kg5 32. h4+ Kg4 33. Nc4 Kxh4 34. Rxf4+ Kg5 35. Rxf5+ Kxf5 36. Rd7 Ke6 37. Rxb7 Ng3 38. Rb3 Nxf1 39. Kxf1 Kd5 40. Nd2 Kd4 41. Nf3+ Kc4 42. Rb6 g5 43. Rxa6 g4 44. Nd2+ Kb5 45. Rb6+ Kc5 46. b4+ Kd4 47. Rd6+ Ke3 48. Nc4+ Kf4 49. a6 1-0